The invention of coinage and the monetization of ancient Greece /

محفوظ في:

المؤلف الرئيسي: Schaps, David M. (مؤلف)

التنسيق: كتاب

اللغة: English

منشور في: Ann Arbor : University of Michigan Press, c2004.

الموضوعات:

الوسوم: إضافة وسم

لا توجد وسوم, كن أول من يضع وسما على هذه التسجيلة!

رقم الطلب: CJ335 .S3 2004

LEADER 00741namaa2200229 4500
003 OSt
005 20251106090700.0
008 130303s2004 miua b 001 0 eng d
020 |a 047211333x 
040 |c ARCE Library 
043 |a e-gr--- 
050 4 |a CJ335 .S3 2004 
100 1 |a Schaps, David M.,   |e author 
245 1 4 |a The invention of coinage and the monetization of ancient Greece /   |c David M. Schaps. 
264 1 |a Ann Arbor :  |b University of Michigan Press,  |c c2004. 
300 |a xvii, 293 pages :  |b illustrations ;  |c 24 cm. 
504 |a Includes bibliographical references (pages 247-272) and index. 
650 0 |a Coins, Greek. 
650 0 |a Coinage  |z Greece  |x History  |y To 1500. 
901 |a reviewed 
942 |c BK  |2 lcc 
999 |c 6681  |d 6681